ՀՀ Գիտությունների ազգային ակադեմիայի հիմնարար գիտական գրադարան  =   Fundamental Scientific Library of NAS RA

Գարեգին Սրվանձտյանց : (Record no. 245221)

MARC details
000 -LEADER
fixed length control field 01446nam a2200289 a 4500
001 - CONTROL NUMBER
control field 000596721
003 - CONTROL NUMBER IDENTIFIER
control field AM-YeHGA
005 - DATE AND TIME OF LATEST TRANSACTION
control field 20260211103255.0
008 - FIXED-LENGTH DATA ELEMENTS--GENERAL INFORMATION
fixed length control field 080901s2008 ai |||||||||||||||0|arm|d
020 ## - INTERNATIONAL STANDARD BOOK NUMBER
International Standard Book Number 9789994173181
040 ## - CATALOGING SOURCE
Original cataloging agency AM-YeHGA
041 0# - LANGUAGE CODE
Language code of text/sound track or separate title arm
100 1# - MAIN ENTRY--PERSONAL NAME
Personal name Կոստանդյան, Էմմա Աշոտի,
Dates associated with a name 1934-2014
245 10 - TITLE STATEMENT
Title Գարեգին Սրվանձտյանց :
Remainder of title (Կյանքը և գործունեությունը) /
Statement of responsibility, etc. Է. Կոստանդյան ; Խմբ.՝ Ռ. Հովհաննիսյան, Դ. Վարդումյան ; ՀՀ ԳԱԱ, Պատմության ինստ.
260 ## - PUBLICATION, DISTRIBUTION, ETC.
Place of publication, distribution, etc. Երևան :
Name of publisher, distributor, etc. Ա. հ.,
Date of publication, distribution, etc. 2008.
300 ## - PHYSICAL DESCRIPTION
Extent 200 էջ ;
Dimensions 20 սմ.
440 #0 - SERIES STATEMENT/ADDED ENTRY--TITLE
Title Մեսրոպ Արք. Աշճեան մատենաշար ;
Volume/sequential designation 36
504 ## - BIBLIOGRAPHY, ETC. NOTE
Bibliography, etc. note Մատենագիտ. տողատ. ծանոթ. և էջ՝ 185-196 հայ. և ռուս.
504 ## - BIBLIOGRAPHY, ETC. NOTE
Bibliography, etc. note Ցանկ էջ՝ 197-199
600 14 - SUBJECT ADDED ENTRY--PERSONAL NAME
Personal name Սրվանձտյանց, Գարեգին Համազասպի,
Dates associated with a name 1840-1892
9 (RLIN) 3713
650 14 - SUBJECT ADDED ENTRY--TOPICAL TERM
Topical term or geographic name entry element Հայ գրողների կյանքն ու գործունեությունը
9 (RLIN) 4515
700 1# - ADDED ENTRY--PERSONAL NAME
Personal name Հովհաննիսյան, Ռ.
Relator term խմբ.
Relationship edt
700 1# - ADDED ENTRY--PERSONAL NAME
Personal name Վարդումյան, Դ.
Relator term խմբ.
Relationship edt
710 2# - ADDED ENTRY--CORPORATE NAME
Corporate name or jurisdiction name as entry element ՀՀ գիտությունների ազգային ակադեմիա :
Subordinate unit Պատմության ինստիտուտ
9 (RLIN) 8824
856 41 - ELECTRONIC LOCATION AND ACCESS
Uniform Resource Identifier <a href="https://arar.sci.am/dlibra/publication/459201/edition/426333/content">https://arar.sci.am/dlibra/publication/459201/edition/426333/content</a>
Link text Կարդալ առցանց
942 ## - ADDED ENTRY ELEMENTS (KOHA)
Source of classification or shelving scheme Universal Decimal Classification
Koha item type Գրքեր / Books
Holdings
Withdrawn status Lost status Damaged status Not for loan Collection Home library Current library Date acquired Cost, normal purchase price Shelving control number Total checkouts Full call number Barcode Date last seen Price effective from Koha item type Public note Date last checked out
        General Fundamental Scientific Library Fundamental Scientific Library 28/12/2016 1500.00     AII/92900 FL0073893 28/12/2016 28/12/2016 Գրքեր / Books 30 Days Loan  
        General Fundamental Scientific Library Fundamental Scientific Library 28/12/2016 1000.00   1 AII/93538 FL0074018 25/02/2020 28/12/2016 Գրքեր / Books 30 Days Loan 25/02/2020


ՀՀ ԳԱԱ հիմնարար գիտական գրադարան
ՀՀ,Երևան 0019
Մարշալ Բաղրամյան 24/6
հեռախոս:(374-10) 52-47-50
Հետադարձ կապ

All site content, except where otherwise noted, is licensed under a
Creative Commons License